[Event "Carlsen Inv Prelim"]
[Site "chess24.com INT"]
[Date "2020.04.30"]
[Round "7.2"]
[White "Caruana, Fabiano"]
[Black "Giri, Anish"]
[Result "0-1"]
[WhiteElo "2835"]
[BlackElo "2764"]
[Annotator "Giri,A"]
[PlyCount "134"]
[EventDate "2020.04.18"]
[EventType "tourn (rapid)"]
[EventRounds "7"]
[EventCountry "USA"]
[EventCategory "22"]
[SourceTitle "CBM 196"]
[Source "ChessBase"]
[SourceDate "2020.06.30"]
[SourceVersion "1"]
[SourceVersionDate "2020.06.30"]
[SourceQuality "1"]

{[%evp 0,134,27,18,44,66,77,63,63,25,33,38,58,48,56,31,36,34,15,0,5,0,-7,-16,0,
0,0,-4,0,-37,-58,-91,-82,-88,-90,-91,-73,-121,-121,-120,-132,-153,-114,-119,
-93,-93,-102,-96,-91,-96,-99,-99,-59,-56,-53,-61,-65,-67,-64,-69,-69,-77,-77,
-83,-83,-94,-103,-105,-93,-92,-91,-89,-88,-89,-89,-89,-89,-119,-116,-121,-114,
-93,-86,-85,-95,-87,-86,-74,-75,-67,-83,-67,-74,-87,-61,-87,-58,-85,-61,-64,
-72,-85,-85,-85,-75,-85,-85,-85,-85,-92,-92,-92,-92,-92,-92,-92,-91,-92,-92,
-92,-92,-92,-92,-92,-92,-92,-92,-95,-95,-319,-344,-353,-353,-354,-406,-414,
-414]} 1. e4 c5 2. Nf3 d6 3. d4 cxd4 4. Nxd4 Nf6 5. Nc3 a6 6. Be3 e5 7. Nf3 Be7
8. Bc4 Be6 9. Nd2 $6 {Very strange idea and given that it really didn't work
out in this game I am just putting a ?! mark to it. The knight sort of embarks
on the route to e3 square, but it is not really happening.} Nbd7 10. a4 Qc7 {
Maybe Rc8 was even more flexible.} 11. Bb3 O-O 12. O-O {In some other openings
Fabiano has tried Nf1 without 0-0, but I doubt such an idea can ever work in
an opening as dynamic as Najdorf.} Rac8 13. a5 Nc5 14. h3 $6 {This is slow. I
had expected something along the lines of Bxc5 or some move to d5. Now Black
can just get a free =+ after the basic break.} Nxb3 $1 15. cxb3 d5 $1 {
Obviously good here.} 16. exd5 Nxd5 17. Nxd5 Bxd5 18. Re1 $2 {White was
already in some trouble, but this slow move escalates it further.} ({White had
to go for the panicky} 18. Nc4 $1 Bxc4 19. Bb6 {giving up the c4 pawn and
trying to get a similar endgame as he eventually got in the game.} Qd6 20. bxc4
Rxc4 21. Qxd6 Bxd6 22. Rfd1 Rc6 23. Rd5 {with good chances to eventually get a
3 vs 4 on one wing and hold it.}) 18... Bb4 19. Bb6 Qc6 20. f3 Rfe8 (20... f6
$5 {looked very good too.}) 21. Ra4 Bxb3 $6 {I regretted this quite a bit, as
Qb5 seemed much more powerful.} (21... Qb5 $1 22. Qe2 (22. Re3 Bxb3 $1 {
is a nice tactic, which I may have missed in this version.}) 22... Qxe2 23.
Rxe2 Rc1+ 24. Kf2 Be7 $1 {stopping Rd4 (which apparently would happen in the
event of the more natural Bf8) and as the e5-pawn remains taboo due to Bc5/
Bh4+ Black is in full control here with all the positional plusses.}) (21...
Bc5+ $5 22. Bxc5 Qxc5+ 23. Kh1 Rcd8 $1 {is also a nice risk free edge, with a
better pawn structure and better pieces for Black.}) 22. Qxb3 Bxd2 23. Rd1 Qc2
24. Qxc2 Rxc2 25. Re4 $1 {I sort of saw it from afar, but Fabiano played this
game so sloppily so far, that I hadn't expected him to put up good resistance
in this endgame.} Rxb2 $6 {A kind of decision that is too often rewarded in
pragmatic quick chess. Objectively, of course I had to maintain more tension
and try to convert this properly, without potentially entering a theoretically
drawn rook endgame.} (25... Bf4 $5 {followed by f5 keeps a larger advantage
objectively.}) 26. Re2 Bc3 27. Rxb2 Bxb2 28. Rd7 Bd4+ {We get a 3 vs 3 with an
a-pawn by force, but my point was that I felt I would get a better version
here, as I get g5 and his h3-g2-f3 pawns would be slightly odd, as it would be
unclear how to deal with a g5 Ra2 setup.} 29. Bxd4 exd4 30. Rxd4 g5 $5 31. Rd7
Re5 (31... Re1+ 32. Kf2 Rb1 {was a better try from an objective standpoint,
but what I did in the game looked tricky enough.}) 32. Rxb7 Rxa5 {Here I felt
that White wouldn't be able to draw this automatically, due to the
aforementioned Ra2 idea. If i get time I would get also h5-h4 and have white
king locked to the first rank, while Black would be able to activate his king
all the way to e5. The standard version of this endgame is with White having
pawn structure h4-g3-f2, when it is much harder for Black to activate his king
and much easier for White to defend.} 33. Kh2 h5 34. h4 {This felt correct,
but I still had some hopes here.} gxh4 35. Rb4 Rb5 {The only flaw with White's
defensive setup is that I get the rook next to my pawn, which can sometimes be
huge, if you are able to defend all of your pawns with the rook and the king
can abandon the kingside and run towards the passed pawn. I had some hopes of
doing this with rook on f5 (or anywhere on the 5th rank for now, as it covers
h5 and a5 pawn). It's quite imaginary really. White is able to start some
counterplay with his rook.} 36. Rxh4 a5 37. Rc4 {With the idea to go Rc6-a6,
which would be quite annoying, but it allows me to get the rook from behind,
which is as good as it gets, although with my pawn only being on a5 it didn't
feel like it is enough to win.} Rb8 $5 38. Rc5 $2 {An impatient move and a
huge blunder. It feels as thought this is enough too, with just 2 pawns vs 2,
but suddenly it transpires that it loses.} (38. Ra4 Ra8 39. Kg3 Kg7 40. Kh4 Kg6
{The problem with this position is that Black can't really improve it. I
imagine if we didn't have h5 and g2 pawns, or if my pawn were on a4 and rook
on a5 it would be winning, but here the black king is just not able to run
towards the queenside without losing h5 pawn and the idea of zugzwang that I
was hoping for is also really not on the cards - White can always move his
king back and forth. This would just be a draw.}) 38... Ra8 $1 39. Rxh5 (39.
Rg5+ {appears to win a tempo at first, but it helps me bring my king closer to
the a-pawn and loses by force. Both king maneuvres win.} Kf8 (39... Kh7 40.
Rxh5+ Kg6) 40. Rxh5 Ke7) 39... a4 40. Kg3 {This is sort of pretty, winning
some tempi compared to Rc5-c1, but it doesn't help either. White can just
never go after my a2-pawn because he will always lose the pawn endgames with
me having my f7 pawn against the g and f pawns.} a3 41. Rh1 a2 42. Ra1 Kg7 {
Here I suddenly realised that I could just be winning. Nice!} 43. Kf4 Kf6 44.
Ke4 Ra4+ 45. Kd5 Kf5 46. g3 {Fabiano tries to errect some sort of a wall in
front of my king, to make sure I am not advancing. Now I can always win by
trading my a-pawn for f and g with his king cut off horizontally, but I tried
to get the best version of this, to be sure there are no surprises, so it took
a little longer than expected. That said, I won with a bigger margin finally,
so it's all fine by me.} Ra5+ 47. Kd6 Ra7 48. Kd5 Rd7+ 49. Kc4 Rd2 50. Rh1 Kg5
51. Ra1 Kf5 ({Basically the most direct way to win is} 51... Rf2 52. Kd4 Rxf3
53. Rxa2 Rxg3 {and if I already had a pawn on f5 here I would be sure, as this
is some sort of a theoretical win, but I was briefly worried there could be
some miracle here and thought I could get this endgame with an extra tempo,
which I probably could.}) 52. Rh1 {Rh5-a5 would be huge for White, so I had to
repeat once} Kg5 53. Ra1 f5 {Now I want that Rxf3 position with an extra tempo,
so Fabiano tries the desperate g4, but it loses even bigger.} 54. g4 (54. Kc3
Rf2 55. Kd4 Rxf3 56. Rxa2 Rxg3 {is that win.}) 54... f4 55. Rh1 Kg6 (55... Rf2
{is the same win, but once again, I wanted to get some extra tempi to this.}
56. Rh5+ Kg6 57. Ra5 Rxf3 58. Rxa2 Kg5) 56. Ra1 Rf2 57. Kd4 Kg5 58. Ke4 Rb2 {
I decided to switch to another winning method and get the rook behind the pawn
as it appeared easier.} 59. Kd4 Re2 60. Rh1 Kg6 61. Rc1 Re6 62. Ra1 Ra6 63. Kd3
Ra3+ 64. Ke2 (64. Ke4 Kg5 {is a zugzwang.}) 64... Kf6 65. Kf2 Ke5 66. Kg2 Kd4 {
The king is just running towards b2 and White can't start any counterplay here.
} 67. g5 Ke5 {Picking up the g-pawn and then I would start all over with an
extra pawn now. White just resigned.} 0-1

[Event "Carlsen Inv Prelim"]
[Site "chess24.com INT"]
[Date "2020.04.30"]
[Round "7.3"]
[White "Giri, Anish"]
[Black "Caruana, Fabiano"]
[Result "1-0"]
[WhiteElo "2764"]
[BlackElo "2835"]
[Annotator "Giri,A"]
[PlyCount "109"]
[EventDate "2020.04.18"]
[EventType "tourn (rapid)"]
[EventRounds "7"]
[EventCountry "USA"]
[EventCategory "22"]
[SourceTitle "CBM 196"]
[Source "ChessBase"]
[SourceDate "2020.06.30"]
[SourceVersion "1"]
[SourceVersionDate "2020.06.30"]
[SourceQuality "1"]

{[%evp 0,109,27,27,59,79,72,65,60,59,54,39,60,31,25,15,41,58,52,52,37,51,71,75,
60,71,77,79,85,76,73,74,69,35,31,33,33,36,41,25,66,38,31,38,77,77,79,36,69,40,
66,25,67,63,61,52,61,55,48,16,32,4,4,13,-7,-7,9,9,84,52,11,99,102,85,91,92,79,
84,103,125,141,144,125,126,119,107,109,116,120,108,151,114,116,0,0,0,0,0,0,0,0,
0,0,0,0,0,206,200,223,239,29991,29992]} 1. d4 f5 {The Dutch is a rare guest in
top tournament with classical time control, but just a day before Fabiano got
outplayed with it by MVL, so I wasn't too shocked to see this.} 2. Nc3 {
A side-line I have some experience with. Levon essayed it against me once in a
blitz game too and with Erwin l'Ami (the famous stonewall expert!) being my
trainer, it was really hard to avoid some unpleasant conversations about the
topic of Dutch sidelines anyway.} Nf6 3. Bg5 d5 4. e3 e6 5. Nf3 Be7 6. Bd3 O-O
7. O-O Ne4 8. Bxe7 Qxe7 9. Ne2 {Actually so far we are following both
Rychagov-L'Ami and Aronian-Giri. Here we both went for the more natural c5,
but Fabi probably wanted to keep more tension. After we get c4 c6 though,
White clearly has a good version of the stonewall, having traded the dark
squared bishops and with the bishop being on d3 and not on g2.} Nd7 10. c4 c6
11. Rc1 a5 12. a3 Nd6 13. Qc2 Nf6 14. Ne5 {I get all the squares and all the
fun, but Black is still rock solid.} Bd7 15. cxd5 exd5 16. b4 Rfc8 17. Qc5 {
I liked this move. Still, Black is just very solid.} axb4 18. axb4 Be8 19. Ra1
Qd8 20. Ng3 g6 21. f3 {I didn't like making this move, but on the other hand
the softening of the e3-pawn is rather imaginary, as are the threats of e3-e4.}
b6 {I was happy to see this weakening, but it also has a point, if Black is
ever to get the c5 push in.} 22. Qc3 Qe7 23. Rfe1 {Maybe a more useful move
could have been played, but this forces some action, as I now threaten Rxa8
and Nxc6.} Rxa1 24. Rxa1 Nf7 25. Bf1 {Making sure the queen is keeping in
touch with the e3-pawn.} (25. Kf2 {is a cool suggestion by the engine, but not
to my taste.}) 25... Nxe5 26. dxe5 Nd7 27. f4 Nf8 {I didn't mind having this
position, which is clearly for two results, but of course Black may escape if
he trades down a lot of material after getting some c5 and d4 breaks. There is,
however, always some hope for White, with the kingside weakened by 1...f5.} 28.
Ne2 c5 29. bxc5 bxc5 30. Nd4 (30. Qb3 Bc6 31. Nc3 {looked natural and was
strong too, but I suddenly liked the idea of transferring my knight to f3.})
30... Rb8 31. Nf3 Ne6 32. Ra6 $5 {Applying some pressure along the 6th rank.
Starting with h4! introducing ideas of Ng5 and h5 was even more clever.} (32.
h4 $5) 32... c4 {This allows a strong reply} (32... Rb1 {is not an issue, as
I've got-} 33. Qd3 $1) (32... Bf7 {seems the most solid, but after} 33. h4 {
with idea Ng5, White still puts pressure.}) 33. Qd2 $1 (33. Nd4 {was also
possible, but the move in the game is more subtle.}) 33... Nc5 $2 {This
blunders a pawn. I was so happy to see this move and win a pawn that in the
next few moves in the mutual time trouble I played it too simply.} 34. Qxd5+ (
34. Ra8 $1 {would be even more. I saw this motive, but 35.e6! was too tempting.
}) 34... Bf7 35. e6 $1 {This was the point. The geometry works for White.} Nxe6
{I think this move somewhat confused me, I was mostly trying to make sure that
my a6-rook can never be captured.} 36. Bxc4 {I had calculated that this works
for me and gives me a pleasant 4 vs 3, but I missed an even stronger
alternative here.} (36. Qe5 $1 {would eventually win the pawn too, but not
allow Black to simplify as much.}) 36... Ng5 $1 {I underestimated this strong
simplifying move, now Black is likely to hold a 4 vs 3 with only the major
pieces. Still, somehow in online blitz such small practical advantages have a
much higher success rate than in classical games.} 37. Qd3 $1 {the right
square, keeping both e3 and b1 squares in check.} Nxf3+ 38. gxf3 Re8 39. Kg2 {
e3 pawn is taboo, but in general this position should be holdable with good
defence.} Qc5 40. Bxf7+ Kxf7 41. e4 Re7 42. e5 {I briefly thought that Fabiano
is playing this very wrong and I will just checkmate him with my major pieces,
but I soon noticed that his king can find safety on h6 and my hopes of winning
this position started to seem less realistic.} Rb7 43. Ra2 Kg7 44. Qd8 Rb1 45.
Qf6+ Kh6 {There is nothing I can do about his king on h6 and there are some
counter checks incoming too, so objectively the best attempt would be to offer
a queen trade on f2 and try the rook endgame. I was still hoping to deliver
some lucky mate and it actually worked out.} 46. Kh3 (46. Qh4+ Kg7 47. Qf2 {
the rook endgame really has to be a draw, but it not being your usual 4 vs 4
perhaps it was worth a shot.}) 46... Qe3 47. Qg5+ Kg7 48. Qf6+ Kh6 49. Qh4+ Kg7
50. Qe7+ Kh6 51. Qh4+ Kg7 52. Rf2 $1 {I am sure Fabiano was already counting
on the perpetual, as I dropped to seconds, but the 10 second increment was
enough to spot that I can still protect both my f3- and f4-pawns and give him
back the move. Now pretty much any rook move would hold, for example Rg1 looks
very good, when I'd have to just take the draw, but Fabi made a shocking
mistake instead.} Qc5 $4 {This lets go of the f3-pawn and protecting e7-square
is quite irrelevant, as I have got the other check from f6 as well.} 53. Qf6+
Kh6 54. Rg2 $1 {Qc5 was really horrible, as I also had Rd2-d7 ideas, but this
one just wins by force quite trivially.} Rb8 {Protecting against Rxg6+ hxg6
Qh8#, but now another mating pattern comes in.} (54... Rb7 55. Rg5 Qe7 {
is the only way to prolong the suffering but after} 56. Rxf5 Qxf6 57. Rxf6 {
two pawns down the rook endgame is dead lost.}) 55. Rg5 $1 {Threatening Rh5+
Kxh5 Qg5# which is quite sweet. Black resigned.} 1-0

[Event "Carlsen Inv Prelim"]
[Site "chess24.com INT"]
[Date "2020.04.30"]
[Round "7.4"]
[White "Caruana, Fabiano"]
[Black "Giri, Anish"]
[Result "1-0"]
[WhiteElo "2835"]
[BlackElo "2764"]
[Annotator "Edouard,R"]
[PlyCount "47"]
[EventDate "2020.04.18"]
[EventType "tourn (rapid)"]
[EventRounds "7"]
[EventCountry "USA"]
[EventCategory "22"]
[SourceTitle "CBM 196"]
[Source "ChessBase"]
[SourceDate "2020.06.30"]
[SourceVersion "1"]
[SourceVersionDate "2020.06.30"]
[SourceQuality "1"]

{[%evp 0,47,29,-11,-12,-15,-11,-17,-7,-17,-31,-26,0,-14,-12,-18,5,7,8,-22,24,
10,5,5,-1,4,-7,3,0,1,-3,-12,2,-18,-8,-11,5,0,23,19,14,11,68,68,94,85,108,50,
242,225]} 1. c4 e5 2. e3 $5 {Another kind of English Defence - just like
people came up with 2.d3!? a few months ago.} Nf6 3. Nc3 Bb4 {Just one move
out of many, playing a reversed Rossolimo.} 4. Nge2 O-O (4... c6 $5 {would
definitely be the alternative, but I do not think that it equalises:} 5. a3 Ba5
(5... Be7 6. d4 exd4 7. Nxd4 d5 8. cxd5 Nxd5 9. Bd2 Bf6 10. Nxd5 Bxd4 11. Nc3
Be5 12. Qc2 Qe7 13. Bd3 $14 {1-0 (43) Antipov,M (2589)-Inarkiev,E (2692)
Moscow 2019}) 6. b4 Bc7 7. d4 (7. Bb2 $5 O-O 8. Ng3 Re8 9. c5 d5 10. cxd6 Qxd6
11. Qc2 Nbd7 12. Bd3 Nf8 13. Nce4 Nxe4 14. Nxe4 $36 {½- (22) ½ (22) Artemiev,
V (2703)-Morozevich,A (2656) Chelyabinsk 2018}) 7... O-O 8. Bb2 (8. d5 $5 d6 9.
Ng3 a5 10. Rb1 axb4 11. axb4 Nbd7 12. Bd3 c5 13. b5 Ba5 14. Bb2 Re8 15. O-O $14
{½-½ (61) Carlsen,M (2832)-Anand,V (2786) Leuven 2017}) 8... d5 9. cxd5 cxd5
10. Nb5 e4 11. Nxc7 Qxc7 12. Rc1 Qe7 13. Nf4 Be6 14. Be2 Nbd7 15. O-O Rfc8 16.
Qb3 Nb6 17. Rc5 $14 {1-0 (45) Vachier Lagrave,M (2778)-Caruana,F (2835)
chess24.com 2020}) 5. a3 Be7 (5... Bxc3 6. Nxc3 d5 7. cxd5 Nxd5 8. Qc2 $5 {
should usually be a little better for White:} c5 9. Bd3 h6 10. b3 Nc6 11. Nxd5
Qxd5 12. Be4 Qd6 13. Bb2 Be6 14. O-O Rac8 15. f4 Bd5 16. Bh7+ Kh8 17. Bf5 $14 {
1-0 (59) Vachier Lagrave,M (2779)-Ding Liren (2805) Stavanger 2019}) 6. b4 $5 (
6. d4 $5 exd4 7. Qxd4 $5 {had been tried by Carlsen in a blitz game, but after}
Nc6 8. Qd1 Ne5 9. Nf4 c6 10. Be2 Ng6 11. Nh5 (11. Nxg6 $5 hxg6 12. e4 $36)
11... Nxh5 12. Bxh5 d6 {½-½ (55) Carlsen,M (2837)-Grigoriants,S (2561)
Riyadh 2017, Black did not seem to have too much to worry about.}) 6... a5 (
6... c6 7. d4 exd4 8. Nxd4 d5 9. Bb2 a5 10. b5 c5 11. Nf3 $14 {0-1 (62) Flores,
D (2599)-Grischuk,A (2777) chess.com 2020}) 7. b5 c6 ({The only existing game
continued} 7... d5 8. cxd5 Nxd5 {and Black seemed to be more or less fine:} 9.
Nxd5 Qxd5 10. Nc3 Qd8 (10... Qd6 $5 11. Qc2 Nd7 12. a4 c5 $5) 11. Bc4 Nd7 12.
Nd5 Bd6 $13 {0-1 (54) Brozhik,V (2189)-Moliboga,V (2284) Kyiv 2006. I would
conclude I am not too convinced about the 2.e3 English Opening!}) 8. d4 d6 9.
Bb2 Be6 (9... Nbd7 $5 10. Ng3 Nb6 {with the idea of ...Be6 should be fine for
Black. For example:} 11. Na4 cxb5 12. cxb5 Bg4 13. f3 Be6 14. dxe5 Nxa4 15.
Qxa4 dxe5 16. Bxe5 Bc5 $44) 10. d5 cxd5 11. cxd5 Bc8 ({Putting the bishop back
to c8 is surely not something too pleasant to do, but} 11... Bf5 12. Ng3 Bg6 {
would also call for} 13. h4 {and give White an extra target.}) 12. Ng3 Nbd7 13.
a4 Nc5 14. Ba3 Qb6 $6 {In the game, this move proves too slow.} (14... b6 $5)
15. Bd3 Bg4 $5 16. Qb1 $1 (16. f3 e4 $5 $13) 16... Nxd3+ $6 {Just a bad
exchange. t was better to play 16...Rac8 for instance.} 17. Qxd3 Rfc8 18. O-O
Qd8 $6 {Too passive. I think Black should rather have tried 18...h5!?, or 18...
Nh5 to simplify the position, or 18...Rc7 and keep the queen on b6.} 19. h3 Bd7
20. Bb2 $6 (20. Rac1 $1 {was stronger, not allowing ...Qc7-c4.}) 20... Rc5 $2 (
20... Qc7 $1 {followed by ...Qc4 was the last chance for Black to be fine.})
21. f4 $1 {Things are already going severely wrong! White's pieces all stand
perfectly.} exf4 $6 (21... Rac8 {was still playable for Black:} 22. fxe5 dxe5
23. d6 Be6 24. Nge4 Nxe4 25. Nxe4 Rc4 26. Bxe5 Qd7 27. Ra3 $1 Bd8 28. Rc3 $1 f6
29. Rfc1 Rxc3 30. Bxc3 {and after} f5 {or 30...Qf7, Black definitely has
chances.}) 22. Rxf4 Rac8 23. Raf1 Kh8 $2 (23... Qe8 24. Nce4 Nxe4 25. Nxe4 Rc4
26. Rxf7 Qxf7 27. Rxf7 Kxf7 28. Ba3 $16) 24. Nge4 {[%cal Gb2h8] Black decided
to put an end to this nightmare.} 1-0

[Event "Carlsen Inv Final 4"]
[Site "chess24.com INT"]
[Date "2020.05.01"]
[Round "1.3"]
[White "Caruana, Fabiano"]
[Black "Nakamura, Hikaru"]
[Result "0-1"]
[WhiteElo "2835"]
[BlackElo "2736"]
[PlyCount "82"]
[EventDate "2020.05.01"]
[EventType "k.o. (rapid)"]
[EventRounds "2"]
[EventCountry "USA"]
[SourceTitle "CBM 196"]
[Source "ChessBase"]
[SourceDate "2020.06.30"]
[SourceVersion "1"]
[SourceVersionDate "2020.06.30"]
[SourceQuality "1"]

1. e4 e5 2. Nf3 Nc6 3. Bc4 Bc5 4. O-O Nf6 5. d3 d6 6. c3 h6 7. Re1 O-O 8. h3 a5
9. Nbd2 Bb6 10. Bb3 Be6 11. Ba4 Nd7 12. Nf1 f5 13. exf5 Bxf5 14. d4 exd4 15.
cxd4 Nf6 16. Ng3 Bh7 17. Bb3+ Kh8 18. a3 Ne7 19. Be6 c6 20. Bd2 Nfd5 21. a4 Nb4
22. Bxb4 axb4 23. Qb3 Ba5 24. Re3 Ng6 25. Bf5 Bg8 26. Qc2 Nh4 27. Nxh4 Qxh4 28.
Qd3 Bb6 29. Re4 Qf6 30. Rg4 Ra5 31. Bg6 Be6 32. Ne4 Qxd4 33. Qxd4 Bxd4 34. Rd1
Bxb2 35. Rg3 Be5 36. Re3 Bd5 37. g3 Rxa4 38. f4 Ra1 39. Red3 Rxd1+ 40. Rxd1 Bc3
41. Nxd6 Rf6 0-1